000 00770cab a2200193 4500
001 ##L133807
008 060612n2006 000 0 eng u
035 _a(Sirsi) u133807
041 0 _aeng
100 1 _aSoltani, Sonia
245 0 4 _aThe only way is up
260 _c2006
490 0 _aBuilding
_v271(8434) 9 June 2006, 42-45(4)
520 _aReports on the design and construction of a 17-storey, modular tower block for Thames Valley University in west London. It is the tallest modular construction in the UK, and posed particular problems of lateral stability and differential movement between components.
590 _aIKA200606
651 4 _aLONDON
690 _aBUILT ENVIRONMENT-CONSTRUCTION MANAGEMENT-CONSTRUCTION DESIGN AND MANAGEMENT
942 _n0
999 _c77215
_d77215